00433nam a2200133 a 450000500170000000800410001705000200005824500310007826000170010944000320012665000240015899900190018295200980020120140414131937.0110125s19uu xx 00 eng d aM 560bW55 2008 aWhy were mammoths woolly?. bMiles Kelly. aFirst questions and answers aPrehistoric animals c112488d112488 001040aMUbMUcMd2011-01-25l0oM 560 W55 2008pM3797r2014-04-14 00:00:00w2014-04-14yBK